Statistics for Quiz about Korea

Click here to take the quiz!

General Stats

  • This quiz has been taken 5 times
  • The average score is 8 of 18

Answer Stats

Hint Answer % Correct
Who is the Supreeme Leader of North Korea?Kim Jong-un
100%
What sports event did South Korea host in 2018?Winter Olympics
80%
What is North-and-South's biggest trading partner?China
80%
What country used to own Korea until WW2?Japan
80%
What is the capital of South Korea?Seoul
80%
What is the most southern city in South Korea?Busan
60%
What is the capital of North Korea?Pyongyang
60%
Which country has the smalles border with North Korea?Russia
60%
What is seperating the two countriesDemilitarized Zone
40%
What US island has North Korea threaten to nuke?Guam
40%
Who is the President of South Korea?Moon Jae-in
40%
In what country was Kim Jong-nam killed?Malaysia
40%
What is North Korea's biggest African trade partner?Burkina Faso
20%
Who is the Prime minister of South Korea?Lee Nak-Yeon
20%
What does North Korea call the hamburger?Double-bread with meat
0%
What is the name of the North Korean knockoff of Godzilla?Pulgasari
0%
His wife's name?Ri Sol-ju
0%
What is the second biggest city in North Korea?Hamhung
0%

Score Distribution

Percentile by Number Answered

Percent of People with Each Score

Your Score History

You have not taken this quiz